[Event "FIDE Grand Prix-III Pool-B 2022"]
[Site "Berlin"]
[Date "2022.03.27"]
[Round "5.4"]
[White "Dubov, Daniil"]
[Black "Keymer, Vincent"]
[Result "1/2-1/2"]
[WhiteElo "2711"]
[BlackElo "2655"]
[Annotator "TA"]
[PlyCount "116"]
[EventDate "2022.03.01"]
[EventType "tourn"]
[EventCountry "GER"]
[SourceTitle "playchess.com"]
[Source "ChessBase"]
[SourceQuality "1"]

{[%evp 12,116,37,49,33,39,25,0,0,0,0,0,0,0,0,0,0,0,0,-21,43,51,40,46,43,24,26,0,0,-160,0,0,0,0,0,0,0,0,0,-104,-66,-75,-69,-74,-25,-50,-53,-60,-18,-44,8,8,8,8,8,8,8,8,17,0,0,0,27,17,17,24,31,31,31,24,24,16,16,16,16,16,24,16,16,16,16,0,0,0,0,0,8,0,0,0,0,0,0,0,0,0,0,0,0,0,0,0,0,0,0,0,0]} 1. e4 e5 2. Nf3 Nc6 3. Bb5 a6 4. Ba4 Nf6 5. O-O Bc5 6. c3 b5 7. Bc2 d5 {C78: Ruy Lopez: Archangelsk and Möller Defences.} 8. d4 dxe4 {[%cal Re5d4]} 9. Nbd2 {[%cal Od4e5]} exf3 10. Qxf3 Be7 (10... e4 11. Nxe4 (11. Bxe4 Nxe4 12. Qxe4+ Be7 $16) 11... Bxd4 12. cxd4 $16) 11. Qxc6+ Bd7 12. Qf3 exd4 13. Ne4 O-O 14. Bg5 {[#]} Re8 $146 {And now ...Nxe4 would win.} ({Predecessor:} 14... Ng4 15. Bxe7 Qxe7 16. cxd4 Rad8 17. Qf4 Bc8 18. Rad1 Rfe8 19. h3 Nf6 20. Nxf6+ Qxf6 21. Qxc7 Rxd4 {0-1 (69) Dvoirys,S (2560)-Looshnikov,N (2469) Tiumen 2014}) 15. Rfe1 Rb8 ({Black should play} 15... Be6 $11) 16. Nxf6+ Bxf6 17. Rxe8+ Bxe8 18. Qf5 d3 $1 (18... Bxg5 $2 19. Qxh7+ Kf8 20. Re1 $18) 19. Bxd3 Bxg5 20. Qxh7+ Kf8 {[#] aiming for ...Bd2.} 21. Re1 {[%cal Rh7h8]} f5 22. Bxf5 Rb6 {Strongly threatening ...Rh6.} (22... Bf7 $2 23. Qh8+ Bg8 24. Be6 $18) 23. Qh8+ Kf7 {White must now prevent ...Rh6.} 24. Bc2 c5 $1 (24... Bd7 25. Qh5+ g6 26. Qh7+ Kf8 27. h4 $16 (27. Bxg6 Qf6 $14) (27. Bb3 Be6 $11)) 25. Qh3 (25. Qh5+ $11 {remains equal.} Kf8 26. Qh8+ Kf7 27. Qh5+ Kf8 28. Qh8+ Kf7) 25... Rh6 26. Qf5+ Kg8 27. Qxc5 ({But not} 27. Rxe8+ $2 Qxe8 28. g3 Be7 $19) 27... Bg6 (27... Bf7 $17 28. g3 Bf6) 28. Bxg6 Rxg6 29. g3 {[%cal Oh2h4]} Rd6 (29... Qd7 $15) 30. a4 Be7 (30... bxa4 $15 31. Qc4+ Kh7) 31. axb5 $11 axb5 32. Qxb5 g6 33. Qb7 Bf6 34. h4 Qd7 35. Qf3 Kg7 36. Kg2 Qf5 37. Re4 Qxf3+ 38. Kxf3 {[%mdl 4096] Endgame KRB-KR} Rb6 39. Re2 Kf7 40. Kg4 Rd6 41. f4 Rd3 42. Re4 Rd5 43. Rb4 Be7 44. Rb7 Ke6 {The position is equal.} 45. Rb6+ Kf7 $1 46. b4 Rd3 47. c4 Rc3 48. c5 Bf6 49. Kh3 Bd4 50. Kg2 {To avoid Bf2} Rc4 51. Kf3 Bc3 52. Rb7+ Kf6 53. g4 {[%cal Bg3g4,Bg4g5][%mdl 32]} Bxb4 54. g5+ Ke6 $1 55. Kg4 {[#] Rg7 is the strong threat.} Bd2 56. Rb6+ Kf7 57. Rf6+ Kg7 58. c6 Be3 {Weighted Error Value: White=0.09 (flawless) /Black=0.08 (flawless)} 1/2-1/2

[Event "FIDE Grand Prix-III Pool-B 2022"]
[Site "Berlin"]
[Date "2022.03.28"]
[Round "6.3"]
[White "Mamedyarov, Shakhriyar"]
[Black "Dubov, Daniil"]
[Result "1/2-1/2"]
[WhiteElo "2776"]
[BlackElo "2711"]
[Annotator "TA"]
[PlyCount "25"]
[EventDate "2022.03.01"]
[EventType "tourn"]
[EventCountry "GER"]
[SourceTitle "playchess.com"]
[Source "ChessBase"]
[SourceQuality "1"]

{[%evp 10,25,21,28,24,27,32,8,16,0,10,0,0,0,35,0,0,0]} 1. d4 Nf6 2. c4 g6 3. Nf3 Bg7 4. e3 O-O 5. Be2 d6 6. Nc3 a5 $1 {E61: King's Indian: Early deviations for White, including Smyslov System.} 7. O-O Na6 8. a3 Bf5 {[#]} 9. Qb3 $146 ({Predecessor:} 9. Bd2 c6 10. h3 h5 11. Re1 Qc7 12. Bf1 e5 13. e4 Be6 14. Be3 exd4 15. Bxd4 Nc5 16. Qc2 {½-½ (16) Poettinger,H (2238)-Micheli,C (2360) Austria 2003}) 9... Rb8 10. Nh4 Bd7 11. Nf3 Bf5 {To avoid e4} 12. Nh4 Bd7 13. Nf3 {An uneventful encounter.  Weighted Error Value: White=0.11 (very precise) /Black=0.03 (flawless)} 1/2-1/2

[Event "FIDE Grand Prix-III Pool-B 2022"]
[Site "Berlin"]
[Date "2022.03.28"]
[Round "6.4"]
[White "Keymer, Vincent"]
[Black "Dominguez Perez, Leinier"]
[Result "1-0"]
[WhiteElo "2655"]
[BlackElo "2756"]
[Annotator "TA"]
[PlyCount "91"]
[EventDate "2022.03.01"]
[EventType "tourn"]
[EventCountry "GER"]
[SourceTitle "playchess.com"]
[Source "ChessBase"]
[SourceQuality "1"]

{[%evp 11,91,23,19,7,26,25,31,34,26,24,21,19,16,24,34,27,28,18,24,27,41,23,15,12,33,29,62,67,48,60,175,184,183,182,177,190,179,185,187,189,187,185,185,110,133,134,231,230,214,218,211,217,219,219,208,207,207,200,200,200,200,200,200,174,167,174,200,200,203,200,195,166,554,616,616,600,616,616,595,563,563,494]} 1. d4 d5 2. c4 dxc4 3. Nf3 Nf6 4. e3 e6 5. Bxc4 a6 6. O-O c5 7. Be2 {D27: Queen's Gambit Accepted: Classical main line: 7 e4!? and 7 a4.} cxd4 8. Nxd4 Bd7 9. Nd2 {White is slightly better.} Nc6 10. N4f3 Be7 11. b3 O-O 12. Bb2 b5 13. Qb1 h6 14. Rd1 Qb6 15. Ne4 {[%cal Bd2e4,Be4g3,Bg3h5][%mdl 32]} Nd5 {[#]} 16. Ng3 $146 {Nh5 is the strong threat.} ({Predecessor:} 16. Nd4 Rfc8 17. Bf1 Nxd4 18. Bxd4 Qa5 19. Qb2 Bf8 20. Ng3 b4 21. Bc4 Nc3 22. Rd3 {0-1 (107) Martirosyan,H (2633)-Martinez Alcantara,J (2598) Chess.com INT 2022}) 16... Rfd8 $1 17. Nh5 Bf8 {[%cal Od5e3]} (17... g6 $5 {[%cal Rg6h5]} 18. Ng3 Rac8 $11) 18. Qe4 $40 {[%cal Ob2g7][%mdl 128] Black must now prevent Bxg7! White attacks.} Nce7 19. Qg4 {White is much more active.} (19. Bd3 f5 20. Qe5 Ng6 $11) 19... Ng6 20. Ne5 {[%cal Od1d5]} Nxe5 ({Better is} 20... Be8 $1 $14) 21. Bxe5 $18 Nxe3 {[#]} 22. Bd4 $1 {[%mdl 512]} Nxg4 23. Bxb6 Ne5 24. Bxd8 Rxd8 25. Rac1 {Strongly threatening f4.} Rc8 26. Rxc8 Bxc8 27. f4 (27. Rd8 $18 Bb7 28. Nf4) 27... Nc6 28. Kf1 Nb4 {[#]} (28... Be7 $16 {might work better.} 29. Bf3 Na7) 29. Bf3 $1 e5 30. Rd8 Be6 31. fxe5 Nxa2 32. Nf4 Bxb3 33. Bd5 Bxd5 34. Nxd5 {[%mdl 4096] Endgame Hoping for Ne7+. KRN-KBN} (34. Rxd5 $6 g5 35. Nd3 Nc3 $14) 34... g6 35. Nc7 {[%mdl 1024] Threatens to win with e6. White has strong compensation.} Nb4 36. e6 {e7 would kill now.} Nc6 (36... Kg7 $2 37. Rd7 Kh8 38. Rxf7 $18) 37. Rc8 Ne7 38. Ra8 h5 39. Ke2 (39. Nxa6 fxe6 40. Nc5 Kf7) 39... Nf5 40. Kd3 {Prevents Nd4.} ({Much less strong is} 40. Nxa6 $6 Nd4+ 41. Ke3 Nxe6 $16) 40... b4 41. h3 {[%cal Bh2h3,Bh3g4,Bg4g5][%mdl 32]} ({Don't play} 41. Nxa6 fxe6 42. Nc5 Kf7) 41... Kg7 $2 (41... b3 {is tougher.} 42. Kc3 (42. Nxa6 fxe6 43. Rb8 Kf7 $16) 42... Kg7 43. Rxa6 Ne3 44. Kxb3 Be7) 42. Ne8+ {White is clearly winning.} Kg8 43. g4 hxg4 44. hxg4 Nh6 45. g5 Nf5 46. e7 {Weighted Error Value: White=0.05 (flawless) /Black=0.29 (precise)} 1-0